000 00644nam a22002057a 4500
005 20250227165203.0
008 241123b ||||| |||| 00| 0 eng d
040 _cAL
041 _aeng
082 _223
_a378.14
_bSTAL
100 _aSt Aloysius College
_9202914
245 _aSt Aloysius College (Autonomous) Mangaluru: Annual Report 2017-2018
260 _aMangalore
_bSt Aloysius College
_c2018
300 _a228p.
_bPB
_c27x21cm.
650 _aCollege Day-138
_9186161
650 _aSt Aloysius College (Autonomous) Mangalore
_9202915
650 _aHigher Education
_9186162
700 _aST ALOYSIUS COLLEGE
_9186163
942 _2ddc
_cDB
999 _c231967
_d231967